000 00378nam a2200157Ia 4500
003 Ost
005 20260225132542.0
008 260225s9999||||xx |||||||||||||| ||und||
040 _cfsic
041 _afre
082 _a332.1
100 _aSimone chapoulie
_eAuteur
245 0 _aApproches sociologiques des classes sociales /
245 0 _cSimone chapoulie
942 _cكتاب
999 _c33569
_d33569